Moral and political Philosophy / (Record no. 161307)

MARC details
000 -LEADER
campo de control de longitud fija 00576nam a22001815i 4500
001 - NÚMERO DE CONTROL
campo de control 161307
003 - IDENTIFICADOR DE NÚMERO DE CONTROL
campo de control ES-MaACL
005 - FECHA Y HORA DE LA ÚLTIMA TRANSACCIÓN
campo de control 20230906212241.0
008 - DATOS DE LONGITUD FIJA--INFORMACIÓN GENERAL
campo de control de longitud fija 041018q18161828xxk |||| | eng d
040 ## - FUENTE DE CATALOGACIÓN
Centro catalogador/agencia de origen CAM
Lengua de catalogación spa
Centro/agencia transcriptor CAM
100 1# - ENTRADA PRINCIPAL--NOMBRE DE PERSONA
Nombre de persona Paley, William.
9 (RLIN) 130795
245 10 - MENCIÓN DEL TÍTULO
Título Moral and political Philosophy /
Mención de responsabilidad, etc. by Archedeacon Paley.
260 ## - PUBLICACIÓN, DISTRIBUCIÓN, ETC.
Lugar de publicación, distribución, etc. London :
Nombre del editor, distribuidor, etc. [s.n.],
Fecha de publicación, distribución, etc. [s.a.] (
Fabricante J. F. Dove)
300 ## - DESCRIPCIÓN FÍSICA
Extensión XX, 384 p. ;
Dimensiones 14 cm.
596 ## - NOTA AL PIE DE IMPRENTA
NOTA AL PIE DE IMPRENTA El editor ejerce en el primer tercio del S. XIX.
752 ## - ENTRADA AGREGADA--NOMBRE JERÁRQUICO DEL LUGAR
País o entidad superior Gran Bretaña -
Ciudad Londres
852 ## - LOCALIZACIÓN
Ubicación ES-MaACL
Número de control de estantería D-4029
Nota libre -- Enc. tela
Holdings
Estatus retirado Estado de pérdida Estado de daño No para préstamo Biblioteca de origen Biblioteca actual Ubicación en estantería Fecha de adquisición Fuente de adquisición Total de préstamos Signatura topográfica completa Código de barras Visto por última vez Precio de reemplazo Tipo de ítem Koha
        Biblioteca del Ateneo de Madrid Biblioteca del Ateneo de Madrid Sala Valle Inclán 17/01/2008     D-4029 901168958 23/02/2023 23/02/2023 Libro impreso